THE PROJECT OF TREES FRUIT STATION IN SEAMREAP,គម្រោងបង្កើតស្ថានីយ៍ពិសោធន៍ឈ់ហូបផ្លែនៅក្នុងខេត្តសៀមរាប (Record no. 255)
[ view plain ]
| 000 -LEADER | |
|---|---|
| fixed length control field | 00588nam a22001577a 4500 |
| 003 - CONTROL NUMBER IDENTIFIER | |
| control field | OSt |
| 005 - DATE AND TIME OF LATEST TRANSACTION | |
| control field | 20150910163820.0 |
| 008 - FIXED-LENGTH DATA ELEMENTS--GENERAL INFORMATION | |
| fixed length control field | 150910b xxu||||| |||| 00| 0 eng d |
| 040 ## - CATALOGING SOURCE | |
| Transcribing agency | RUA |
| 082 ## - DEWEY DECIMAL CLASSIFICATION NUMBER | |
| Classification number | AGR អ៊ុច 1995 BOO11 Or.1 |
| 100 ## - MAIN ENTRY--PERSONAL NAME | |
| 9 (RLIN) | 274 |
| Personal name | អ៊ុច សុធី |
| 245 ## - TITLE STATEMENT | |
| Title | THE PROJECT OF TREES FRUIT STATION IN SEAMREAP,គម្រោងបង្កើតស្ថានីយ៍ពិសោធន៍ឈ់ហូបផ្លែនៅក្នុងខេត្តសៀមរាប |
| 260 ## - PUBLICATION, DISTRIBUTION, ETC. (IMPRINT) | |
| Place of publication, distribution, etc. | PHNOMPHEN |
| Name of publisher, distributor, etc. | RUA |
| Date of publication, distribution, etc. | 1995 |
| 300 ## - PHYSICAL DESCRIPTION | |
| Extent | 64P. |
| Other physical details | ILL. |
| Dimensions | 29CM. |
| 942 ## - ADDED ENTRY ELEMENTS (KOHA) | |
| Source of classification or shelving scheme | |
| Koha item type | AGR |
| Price effective from | Date last seen | Permanent Location | Not for loan | Date acquired | Source of classification or shelving scheme | Koha item type | Barcode | Lost status | Damaged status | Withdrawn status | Current Location | Full call number |
|---|---|---|---|---|---|---|---|---|---|---|---|---|
| 2015-09-10 | 2015-09-10 | Library Block B | 2015-09-10 | AGR | RUA003619 | Library Block B | AGR អ៊ុច 1995 BO16 Or.1 | |||||
| 2015-09-10 | 2015-09-10 | Library Block B | 2015-09-10 | AGR | RUA003622 | Library Block B | AGR អ៊ុច 1995 BO16 Or.2 | |||||
| 2015-09-10 | 2015-09-10 | Library Block B | 2015-09-10 | AGR | RUA007310 | Library Block B | AGR អ៊ុច 1995 BO16 Or.3 | |||||
| 2015-09-10 | 2015-09-10 | Library Block B | 2015-09-10 | AGR | RUA007082 | Library Block B | AGR អ៊ុច 1995 BO16 Or.4 | |||||
| 2015-09-10 | 2015-09-10 | Library Block B | 2015-09-10 | AGR | RUA007204 | Library Block B | AGR អ៊ុច 1995 BO16 Or.5 | |||||
| 2015-09-10 | 2015-09-10 | Library Block B | 2015-09-10 | AGR | RUA003831 | Library Block B | AGR អ៊ុច 1995 B016 Or.6 |